[Event "Tradewise Gibraltar Master 2015"]
[Site "Gibraltar ENG"]
[Date "2015.02.02"]
[Round "7.48"]
[White "Pichot, Alan"]
[Black "Rydstrom, Tom"]
[Result "1-0"]
[WhiteElo "2480"]
[BlackElo "2292"]
[PlyCount "79"]
[EventDate "2015.01.27"]
[EventType "swiss"]
[EventRounds "10"]
[EventCountry "ENG"]
[Source "lmi"]
[SourceDate "2015.01.27"]

1. e4 e5 2. Nf3 Nc6 3. Bb5 a6 4. Ba4 Nf6 5. O-O Be7 6. Qe2 b5 7. Bb3 d6 8. c3
O-O 9. Rd1 Na5 10. Bc2 c5 11. d4 Qc7 12. d5 c4 13. b4 cxb3 14. axb3 Bd7 15. Ba3
Nb7 16. h3 Rfe8 17. Bd3 Nc5 18. Nbd2 Nh5 19. Qe3 Nxd3 20. Qxd3 Nf4 21. Qe3 a5
22. Rac1 Qc8 23. Nf1 Ra6 24. Ng3 Bd8 25. Ne1 Bb6 26. Qf3 Ba7 27. Nd3 Nxd3 28.
Rxd3 a4 29. bxa4 bxa4 30. Nh5 Qd8 31. Qg3 g6 32. Rf3 Rf8 33. Nf6+ Kg7 34. Qg5
h6 35. Nh5+ Kh7 36. Qxd8 Rxd8 37. Rxf7+ Kg8 38. Rxd7 Rf8 39. Rg7+ Kh8 40. Rxg6
1-0

[Event "Tradewise Gibraltar Master 2015"]
[Site "Gibraltar ENG"]
[Date "2015.02.02"]
[Round "7.49"]
[White "Adla, Diego"]
[Black "Lombaers, Peter"]
[Result "1-0"]
[WhiteElo "2469"]
[BlackElo "2291"]
[PlyCount "47"]
[EventDate "2015.01.27"]
[EventType "swiss"]
[EventRounds "10"]
[EventCountry "ENG"]
[Source "lmi"]
[SourceDate "2015.01.27"]

1. c4 c5 2. Nc3 Nc6 3. g3 g6 4. Bg2 Bg7 5. a3 Nf6 6. Rb1 a5 7. e3 d6 8. Nge2
Bg4 9. h3 Bd7 10. b3 Rb8 11. d4 Na7 12. a4 e6 13. e4 O-O 14. dxc5 dxc5 15. Bf4
Nc6 16. Bxb8 Qxb8 17. f4 e5 18. O-O h5 19. Qd3 Bc8 20. Nd5 h4 21. f5 Nh5 22.
Bf3 Nxg3 23. Nxg3 hxg3 24. Bg4 1-0

[Event "Tradewise Gibraltar Master 2015"]
[Site "Gibraltar ENG"]
[Date "2015.02.02"]
[Round "7.50"]
[White "Tate, Alan"]
[Black "Almagro Llamas, Pablo"]
[Result "1-0"]
[WhiteElo "2297"]
[BlackElo "2469"]
[PlyCount "57"]
[EventDate "2015.01.27"]
[EventType "swiss"]
[EventRounds "10"]
[EventCountry "ENG"]
[Source "lmi"]
[SourceDate "2015.01.27"]

1. e4 c6 2. d4 d5 3. e5 Bf5 4. h4 h5 5. Bd3 Bxd3 6. Qxd3 e6 7. Bg5 Qa5+ 8. Nd2
Qa6 9. c4 Ne7 10. Ngf3 Nd7 11. O-O c5 12. a3 Nc6 13. Rfe1 dxc4 14. Nxc4 Nb6 15.
b3 Nxc4 16. bxc4 cxd4 17. Nxd4 Nxd4 18. Qxd4 Qc6 19. Red1 Qc7 20. Rab1 Be7 21.
Qe4 Rb8 22. Bxe7 Kxe7 23. Rd6 b6 24. Rbd1 Rb7 25. c5 bxc5 26. Rc6 Qb8 27. Qe3
Rb2 28. Qxc5+ Ke8 29. Rc1 1-0

[Event "Tradewise Gibraltar Master 2015"]
[Site "Gibraltar ENG"]
[Date "2015.02.02"]
[Round "7.51"]
[White "Kjartansson, Gudmundur"]
[Black "Janev, Pavel"]
[Result "1/2-1/2"]
[WhiteElo "2468"]
[BlackElo "2196"]
[PlyCount "86"]
[EventDate "2015.01.27"]
[EventType "swiss"]
[EventRounds "10"]
[EventCountry "ENG"]
[Source "lmi"]
[SourceDate "2015.01.27"]

1. d4 Nf6 2. c4 c5 3. d5 e5 4. Nc3 d6 5. e4 Nbd7 6. Bd3 Be7 7. Nge2 O-O 8. Ng3
Ne8 9. Nf5 Bg5 10. Bxg5 Qxg5 11. h4 Qd8 12. g4 g6 13. Nh6+ Kg7 14. Qd2 Ndf6 15.
h5 Ng8 16. Nxg8 g5 17. h6+ Kxg8 18. f3 Bd7 19. Kf2 Nc7 20. a3 a6 21. b4 cxb4
22. axb4 a5 23. Rxa5 Rxa5 24. bxa5 Na6 25. Nb5 Bxb5 26. cxb5 Nc5 27. b6 Qe7 28.
Bb5 Ra8 29. Rh5 f6 30. Qb4 Kf8 31. Rh1 Kf7 32. Kg3 Kg6 33. Rh2 Kf7 34. Rc2 Kg6
35. Bc6 Kxh6 36. Qb5 Kg7 37. Rxc5 dxc5 38. d6 Qxd6 39. Bxb7 Qd1 40. Bxa8 Qg1+
41. Kh3 Qh1+ 42. Kg3 Qg1+ 43. Kh3 Qh1+ 1/2-1/2

[Event "Tradewise Gibraltar Master 2015"]
[Site "Gibraltar ENG"]
[Date "2015.02.02"]
[Round "7.52"]
[White "Baert, Andy"]
[Black "Guo, Qi"]
[Result "0-1"]
[WhiteElo "2114"]
[BlackElo "2439"]
[PlyCount "84"]
[EventDate "2015.01.27"]
[EventType "swiss"]
[EventRounds "10"]
[EventCountry "ENG"]
[Source "lmi"]
[SourceDate "2015.01.27"]

1. d4 Nf6 2. c4 e6 3. Nc3 Bb4 4. e3 O-O 5. Bd3 d5 6. cxd5 exd5 7. Nge2 Re8 8.
Bd2 Bd6 9. Rc1 c6 10. f3 c5 11. Nb5 c4 12. Nxd6 Qxd6 13. Bb1 b5 14. O-O Nc6 15.
Qe1 a5 16. Qf2 Ra7 17. g4 b4 18. Ng3 Ba6 19. Nf5 Qe6 20. Rfe1 Raa8 21. Qh4 Red8
22. Qg5 g6 23. Kh1 Ne8 24. e4 f6 25. Qh6 gxf5 26. exd5 Qxd5 27. Bxf5 Qxf3+ 28.
Kg1 Ra7 29. Be6+ Rf7 30. Re3 Nxd4 31. Rxf3 Nxf3+ 32. Kf2 Nxd2 33. Re1 Nd6 34.
Bxf7+ Nxf7 35. Qxf6 Bb7 36. Qe7 Bd5 37. Re5 Rd6 38. Re2 c3 39. bxc3 bxc3 40.
Qe8+ Kg7 41. Qa4 Rf6+ 42. Kg3 Nf1+ 0-1

[Event "Tradewise Gibraltar Master 2015"]
[Site "Gibraltar ENG"]
[Date "2015.02.02"]
[Round "7.53"]
[White "Bogner, Sebastian"]
[Black "Tscharotschkin, Michael"]
[Result "1-0"]
[WhiteElo "2565"]
[BlackElo "2144"]
[PlyCount "105"]
[EventDate "2015.01.27"]
[EventType "swiss"]
[EventRounds "10"]
[EventCountry "ENG"]
[Source "lmi"]
[SourceDate "2015.01.27"]

1. d4 d5 2. c4 c6 3. Nf3 Nf6 4. Nc3 e6 5. Bg5 Be7 6. e3 O-O 7. Bd3 h6 8. Bh4
dxc4 9. Bxc4 Nd5 10. Bg3 Qa5 11. Qd2 Nxc3 12. bxc3 b5 13. Bd3 Nd7 14. O-O Bb7
15. Rab1 a6 16. c4 Qxd2 17. Nxd2 Rfd8 18. Nb3 Nc5 19. Nxc5 Bxc5 20. a4 Be7 21.
cxb5 axb5 22. axb5 c5 23. dxc5 Rxd3 24. c6 Bd6 25. cxb7 Rb8 26. Bxd6 Rxd6 27.
Rfc1 Rxb7 28. Rc8+ Kh7 29. Rc5 Kg6 30. g4 Kf6 31. Kg2 Ke7 32. Kf3 Rd2 33. h4
Kd6 34. Rc6+ Kd7 35. Rc4 Rd5 36. b6 Rd6 37. Rcb4 Rd5 38. Ke4 f6 39. f4 h5 40.
Kf3 g6 41. gxh5 Rxh5 42. Rg1 Rxh4 43. Rxg6 Rh3+ 44. Ke2 Ke8 45. Rxf6 Ke7 46.
Rg6 Kf7 47. Rg5 Rh8 48. Rc5 Rhb8 49. Rc7+ Kf6 50. Rxb7 Rxb7 51. Rb5 Ke7 52. Kd3
Kd6 53. Kd4 1-0

[Event "Tradewise Gibraltar Master 2015"]
[Site "Gibraltar ENG"]
[Date "2015.02.02"]
[Round "7.54"]
[White "Chirila, Ioan-Cristian"]
[Black "Sanchez Jerez, Emilio Miguel"]
[Result "1-0"]
[WhiteElo "2548"]
[BlackElo "2282"]
[PlyCount "85"]
[EventDate "2015.01.27"]
[EventType "swiss"]
[EventRounds "10"]
[EventCountry "ENG"]
[Source "lmi"]
[SourceDate "2015.01.27"]

1. d4 Nf6 2. c4 d6 3. Nc3 g6 4. e4 Bg7 5. Be2 O-O 6. Bg5 Na6 7. Qd2 e5 8. d5
Nc5 9. b4 Ncxe4 10. Nxe4 Nxe4 11. Bxd8 Nxd2 12. Bxc7 e4 13. Rc1 e3 14. fxe3 Ne4
15. Bf3 Re8 16. Ne2 Bh6 17. Nf4 Bxf4 18. exf4 Ng3+ 19. Kd2 Nxh1 20. Rxh1 Bf5
21. Bxd6 Be4 22. Bc7 Bxf3 23. gxf3 Re7 24. d6 Rxc7 25. dxc7 Rc8 26. c5 Rxc7 27.
Kc3 Kg7 28. Rd1 Kf6 29. Kc4 Kf5 30. Rd4 h5 31. h4 a6 32. b5 axb5+ 33. Kxb5 f6
34. a4 Rc6 35. Rd6 Rc7 36. Kb6 Rh7 37. Rd4 Ke6 38. a5 g5 39. Rd6+ Kf7 40. fxg5
fxg5 41. hxg5 h4 42. Rh6 Rxh6+ 43. gxh6 1-0

[Event "Tradewise Gibraltar Master 2015"]
[Site "Gibraltar ENG"]
[Date "2015.02.02"]
[Round "7.55"]
[White "Troff, Kayden W"]
[Black "Frisk, Ellinor"]
[Result "1-0"]
[WhiteElo "2541"]
[BlackElo "2266"]
[PlyCount "135"]
[EventDate "2015.01.27"]
[EventType "swiss"]
[EventRounds "10"]
[EventCountry "ENG"]
[Source "lmi"]
[SourceDate "2015.01.27"]

1. d4 d5 2. c4 c6 3. Nf3 Nf6 4. Nc3 dxc4 5. a4 Bf5 6. e3 e6 7. Bxc4 Bb4 8. O-O
O-O 9. Nh4 Bg4 10. f3 Bh5 11. g4 Nd5 12. Ng2 Bg6 13. Na2 Be7 14. e4 Nb6 15. Be2
c5 16. a5 Nc8 17. dxc5 Bxc5+ 18. Kh1 Nc6 19. Qxd8 Rxd8 20. h4 f6 21. g5 Nxa5
22. gxf6 gxf6 23. b4 Bd4 24. Rb1 Nc6 25. Ne3 Nd6 26. Rb3 Bb6 27. Ng4 Kf7 28.
Bh6 Rac8 29. Rb2 Bd4 30. Rd2 Ne8 31. Rfd1 Bb6 32. Rd7+ Rxd7 33. Rxd7+ Ne7 34.
Rxb7 Nd6 35. Rd7 Rd8 36. Nxf6 Kxf6 37. Bg5+ Ke5 38. Rxe7 Re8 39. Rd7 Nf7 40.
Bc1 Rd8 41. Rxd8 Nxd8 42. b5 Bc5 43. Kg2 Nb7 44. Kg3 Nd6 45. Bb2+ Bd4 46. Ba3
Nc8 47. Nb4 Kf6 48. Nc6 Bb6 49. Bc4 Be8 50. Bb2+ Kf7 51. Ne5+ Ke7 52. Ba3+ Kf6
53. Ng4+ Kf7 54. f4 Bc7 55. e5 Nb6 56. Bd3 Nd5 57. Bxh7 Bxb5 58. h5 Ba5 59.
Bg6+ Kg7 60. Be4 Nc3 61. h6+ Kf7 62. Bc2 Ne2+ 63. Kh4 Nxf4 64. h7 Kg7 65. Bf8+
Kh8 66. Kg5 Bd2 67. Kf6 Bd3 68. Kf7 1-0

[Event "Tradewise Gibraltar Master 2015"]
[Site "Gibraltar ENG"]
[Date "2015.02.02"]
[Round "7.58"]
[White "Galmandakh, Badrakh"]
[Black "Tarjan, James E"]
[Result "1/2-1/2"]
[WhiteElo "2240"]
[BlackElo "2518"]
[PlyCount "59"]
[EventDate "2015.01.27"]
[EventType "swiss"]
[EventRounds "10"]
[EventCountry "ENG"]
[Source "lmi"]
[SourceDate "2015.01.27"]

1. d3 g6 2. g3 Bg7 3. Bg2 c5 4. Nf3 Nc6 5. O-O e5 6. c4 Nge7 7. Nc3 d6 8. Ne1
Be6 9. Nc2 d5 10. cxd5 Nxd5 11. Ne4 Qe7 12. Ng5 O-O 13. Nxe6 Qxe6 14. Ne3 Nde7
15. a4 Rad8 16. Nc4 Rd7 17. a5 Rc8 18. Bd2 Nd5 19. Qa4 Nd4 20. Rfe1 b5 21. axb6
axb6 22. Na3 Nc7 23. Qc4 b5 24. Qxe6 Ncxe6 25. Be3 Rb8 26. Rac1 Bf8 27. Kf1 Rd6
28. Bxd4 Rxd4 29. Nc2 Rd7 30. Ra1 1/2-1/2

[Event "Tradewise Gibraltar Master 2015"]
[Site "Gibraltar ENG"]
[Date "2015.02.02"]
[Round "7.59"]
[White "Scharrer, Patrick"]
[Black "Svane, Rasmus"]
[Result "0-1"]
[WhiteElo "2231"]
[BlackElo "2496"]
[PlyCount "164"]
[EventDate "2015.01.27"]
[EventType "swiss"]
[EventRounds "10"]
[EventCountry "ENG"]
[Source "lmi"]
[SourceDate "2015.01.27"]

1. e4 e6 2. d3 d5 3. Qe2 Nc6 4. Nf3 e5 5. c3 Nf6 6. b4 Bd6 7. g3 O-O 8. Bg2 Re8
9. O-O dxe4 10. dxe4 a5 11. b5 Nb8 12. Nbd2 Nbd7 13. Nc4 Nb6 14. Rd1 Nxc4 15.
Qxc4 Qe7 16. Qe2 Be6 17. Nd2 Ba3 18. Bxa3 Qxa3 19. Qe3 Rad8 20. Bf1 a4 21. h3
Rd7 22. Rdc1 Qb2 23. Nc4 Bxc4 24. Bxc4 Red8 25. Kf1 h6 26. Ke1 Qd2+ 27. Qxd2
Rxd2 28. Bd5 Rb2 29. Rab1 Rxb1 30. Rxb1 Nxd5 31. exd5 Rxd5 32. Ke2 Kf8 33. b6
c6 34. Rb4 Rb5 35. Rxa4 Rxb6 36. Ke3 Ke7 37. f4 exf4+ 38. Kxf4 Rb2 39. Re4+ Kd6
40. Rd4+ Ke7 41. a4 Rb3 42. Rc4 Kd6 43. Rd4+ Kc7 44. Rc4 Rb1 45. h4 b6 46. Ke5
Re1+ 47. Kf5 Kd6 48. Rd4+ Kc5 49. Rg4 Rf1+ 50. Ke5 g6 51. Rf4 Re1+ 52. Kf6 Re3
53. g4 Rxc3 54. Kxf7 g5 55. Rf5+ Kb4 56. Rf6 gxh4 57. Rxh6 Kxa4 58. g5 b5 59.
Rxh4+ Rc4 60. Rxc4+ bxc4 61. g6 c3 62. g7 c2 63. g8=Q c1=Q 64. Qa8+ Kb5 65.
Qb7+ Kc5 66. Qe7+ Kc4 67. Qh4+ Kb5 68. Ke7 Qc5+ 69. Kd7 Qd5+ 70. Kc7 Qe5+ 71.
Kc8 c5 72. Qh1 Qf5+ 73. Kc7 Qe5+ 74. Kc8 c4 75. Qb1+ Kc5 76. Qg1+ Qd4 77. Qg5+
Kb4 78. Kb7 c3 79. Qe7+ Kb3 80. Qe1 c2 81. Ka8 Qa4+ 82. Kb7 Qb4+ 0-1

[Event "Tradewise Gibraltar Master 2015"]
[Site "Gibraltar ENG"]
[Date "2015.02.02"]
[Round "7.60"]
[White "Raznikov, Danny"]
[Black "Hommerson, Paul"]
[Result "1/2-1/2"]
[WhiteElo "2494"]
[BlackElo "2229"]
[PlyCount "63"]
[EventDate "2015.01.27"]
[EventType "swiss"]
[EventRounds "10"]
[EventCountry "ENG"]
[Source "lmi"]
[SourceDate "2015.01.27"]

1. d4 d5 2. Nf3 Nf6 3. c4 dxc4 4. e3 e6 5. Bxc4 c5 6. Qe2 a6 7. dxc5 Bxc5 8.
O-O b5 9. Bd3 Nc6 10. Rd1 Qe7 11. a3 e5 12. b4 Ba7 13. Qc2 O-O 14. Ng5 Bg4 15.
f3 Rac8 16. fxg4 Nxg4 17. h4 Nd4 18. Bxh7+ Kh8 19. Qd3 e4 20. Bxe4 Qe5 21. exd4
Bxd4+ 22. Kf1 f5 23. Qxd4 fxe4+ 24. Nf3 Nh2+ 25. Ke1 Qh5 26. Bb2 Nxf3+ 27. gxf3
Qxh4+ 28. Qf2 Qh1+ 29. Qf1 Qh4+ 30. Qf2 Qh1+ 31. Qf1 Qh4+ 32. Qf2 1/2-1/2

[Event "Tradewise Gibraltar Master 2015"]
[Site "Gibraltar ENG"]
[Date "2015.02.02"]
[Round "7.61"]
[White "Melia, Salome"]
[Black "Urbina Perez, Juan Antonio"]
[Result "1-0"]
[WhiteElo "2473"]
[BlackElo "2221"]
[PlyCount "95"]
[EventDate "2015.01.27"]
[EventType "swiss"]
[EventRounds "10"]
[EventCountry "ENG"]
[Source "lmi"]
[SourceDate "2015.01.27"]

1. e4 e5 2. Nf3 Nc6 3. Bb5 Bc5 4. O-O Nd4 5. Nxd4 Bxd4 6. c3 Bb6 7. d4 c6 8.
Bc4 d6 9. Re1 Nf6 10. Bg5 h6 11. Bh4 O-O 12. h3 Re8 13. dxe5 dxe5 14. Nd2 Qe7
15. a4 Rd8 16. a5 Bc7 17. Qe2 Be6 18. Nf1 Bxc4 19. Qxc4 Qe6 20. Qe2 Rd7 21. Qf3
Ne8 22. Ne3 f6 23. Qe2 Rad8 24. f3 Rd2 25. Qc4 Qxc4 26. Nxc4 R2d3 27. Bf2 a6
28. Kf1 Nd6 29. Nxd6 R8xd6 30. Be3 Kf7 31. Ke2 Rd7 32. Bd4 R3xd4 33. cxd4 exd4
34. Kd3 g5 35. Ra4 Be5 36. Rh1 h5 37. h4 g4 38. Rf1 gxf3 39. gxf3 c5 40. f4 Bd6
41. Rc4 Be7 42. Rfc1 b5 43. Rxc5 Bxc5 44. Rxc5 Rd6 45. Rxh5 Rc6 46. Rh7+ Kg6
47. Ra7 Rd6 48. Rb7 1-0

[Event "Tradewise Gibraltar Master 2015"]
[Site "Gibraltar ENG"]
[Date "2015.02.02"]
[Round "7.62"]
[White "Elishev, Ivan"]
[Black "Docx, Stefan"]
[Result "0-1"]
[WhiteElo "2153"]
[BlackElo "2450"]
[PlyCount "130"]
[EventDate "2015.01.27"]
[EventType "swiss"]
[EventRounds "10"]
[EventCountry "ENG"]
[Source "lmi"]
[SourceDate "2015.01.27"]

1. e4 c5 2. Nf3 d6 3. d4 cxd4 4. Nxd4 Nf6 5. Nc3 a6 6. Be3 e6 7. f3 b5 8. Qd2
Nbd7 9. g4 h6 10. O-O-O b4 11. Nce2 Qc7 12. Kb1 d5 13. Nf4 dxe4 14. Ndxe6 fxe6
15. Nxe6 Qc6 16. Nd4 Qb7 17. Nf5 Ne5 18. f4 Nf7 19. Bc4 Qc7 20. Bb3 Bxf5 21.
gxf5 Bc5 22. Rhg1 Rd8 23. Bxf7+ Kxf7 24. Rxg7+ Kxg7 25. Qg2+ Kf8 26. Bxc5+ Qxc5
27. Rxd8+ Ne8 28. Qg6 Qe7 29. Ra8 a5 30. f6 Qf7 31. Qxe4 Rg8 32. Qe3 Rg6 33.
Rxa5 Rxf6 34. Ra8 Qe7 35. Qxe7+ Kxe7 36. a3 bxa3 37. Rxa3 Rxf4 38. Rh3 Rf6 39.
b4 Nd6 40. Kb2 Ke6 41. Kb3 Kd5 42. Rh5+ Kc6 43. c4 Rf3+ 44. Ka4 Nf7 45. b5+ Kb6
46. Kb4 Rf1 47. Kc3 Rf3+ 48. Kd2 Rf4 49. Kc2 Kb7 50. Kc3 Rf3+ 51. Kb2 Rf2+ 52.
Kc3 Rf3+ 53. Kb2 Kc7 54. Kc1 Rf2 55. Kb1 Kd6 56. Kc1 Ke6 57. Kb1 Rf4 58. Kc2
Rxc4+ 59. Kb3 Rf4 60. Kb2 Rd4 61. Kc2 Kd6 62. Rh3 Ke6 63. b6 Kf6 64. Kc1 Rb4
65. Rh5 Rxb6 0-1

[Event "Tradewise Gibraltar Master 2015"]
[Site "Gibraltar ENG"]
[Date "2015.02.02"]
[Round "7.63"]
[White "Heinemann, Josefine"]
[Black "Mkrtchian, Lilit"]
[Result "1/2-1/2"]
[WhiteElo "2160"]
[BlackElo "2449"]
[PlyCount "66"]
[EventDate "2015.01.27"]
[EventType "swiss"]
[EventRounds "10"]
[EventCountry "ENG"]
[Source "lmi"]
[SourceDate "2015.01.27"]

1. e4 e5 2. Nf3 Nc6 3. Bb5 a6 4. Ba4 Nf6 5. O-O Be7 6. Re1 b5 7. Bb3 d6 8. c3
O-O 9. h3 Nb8 10. d4 Nbd7 11. Nbd2 Bb7 12. Bc2 Re8 13. Nf1 Bf8 14. Ng3 g6 15.
Bg5 Bg7 16. Nh2 h6 17. Bd2 d5 18. dxe5 Nxe4 19. Nxe4 dxe4 20. Bxe4 Bxe4 21.
Rxe4 Nxe5 22. Ng4 Nxg4 23. Rxe8+ Qxe8 24. Qxg4 Rd8 25. Be3 h5 26. Qf3 Qe6 27.
Qb7 Be5 28. Qf3 Qc4 29. Bg5 Rd3 30. Qa8+ Kg7 31. Re1 Qd5 32. Qxd5 Rxd5 33. Be3
Kf6 1/2-1/2

[Event "Tradewise Gibraltar Master 2015"]
[Site "Gibraltar ENG"]
[Date "2015.02.02"]
[Round "7.64"]
[White "Krockenberger, Martin"]
[Black "Martinez Martin, David"]
[Result "1/2-1/2"]
[WhiteElo "2152"]
[BlackElo "2407"]
[PlyCount "159"]
[EventDate "2015.01.27"]
[EventType "swiss"]
[EventRounds "10"]
[EventCountry "ENG"]
[Source "lmi"]
[SourceDate "2015.01.27"]

1. Nf3 d5 2. c4 d4 3. g3 Nc6 4. Bg2 e5 5. O-O Nf6 6. d3 Bd6 7. e3 O-O 8. a3 a5
9. exd4 exd4 10. Bg5 h6 11. Bxf6 Qxf6 12. Nbd2 Qg6 13. Ne4 Be7 14. Rb1 a4 15.
Ne1 f5 16. Nd2 f4 17. Ne4 Bg4 18. Bf3 Bxf3 19. Nxf3 Ra5 20. Kg2 Raf5 21. Qxa4
Qh5 22. Qd1 g5 23. h3 g4 24. hxg4 Qxg4 25. Ned2 fxg3 26. fxg3 Qg6 27. Qe2 h5
28. Ne4 Qg4 29. Rbe1 h4 30. Nh2 h3+ 31. Kg1 Rxf1+ 32. Nxf1 Qxe2 33. Rxe2 Ne5
34. Nf2 Nf3+ 35. Kh1 Bd6 36. Nxh3 Ne5 37. Nf4 Nxd3 38. Nxd3 Rxf1+ 39. Kg2 Rd1
40. Nf2 Rc1 41. Ne4 Bf8 42. Rd2 Rxc4 43. b3 Rc6 44. Rxd4 Bxa3 45. Kf3 Rb6 46.
Rd3 Kf7 47. Rc3 c6 48. Ke2 Be7 49. Kd1 Ra6 50. Rc2 Ra3 51. Rc3 Ke6 52. Rf3 b5
53. Kc2 Ra2+ 54. Kd3 Rg2 55. Rf2 Rg1 56. Rh2 Rb1 57. Rh6+ Kd7 58. Kc2 Re1 59.
Kd3 Rd1+ 60. Kc2 Rd4 61. Nf2 c5 62. Nd3 Bd6 63. Rg6 c4 64. bxc4 bxc4 65. Nf4
Bb4 66. Rb6 Rd2+ 67. Kc1 Bc3 68. Ra6 Rh2 69. Nd5 Bb2+ 70. Kb1 Bd4 71. Ra2 Rh1+
72. Kc2 Rg1 73. Nf4 Rxg3 74. Ra4 Rg4 75. Rxc4 Be5 76. Kd3 Bxf4 77. Ke2 Rh4 78.
Kf3 Rh3+ 79. Kg4 Rh8 80. Rxf4 1/2-1/2

[Event "Tradewise Gibraltar Master 2015"]
[Site "Gibraltar ENG"]
[Date "2015.02.02"]
[Round "7.65"]
[White "Solomon, Kenny"]
[Black "Terron Elena, Francisco M"]
[Result "1-0"]
[WhiteElo "2399"]
[BlackElo "2218"]
[PlyCount "65"]
[EventDate "2015.01.27"]
[EventType "swiss"]
[EventRounds "10"]
[EventCountry "ENG"]
[Source "lmi"]
[SourceDate "2015.01.27"]

1. d4 Nf6 2. c4 g6 3. Nc3 Bg7 4. e4 d6 5. Nf3 O-O 6. h3 e5 7. d5 Nh5 8. g3 f5
9. exf5 gxf5 10. Ng5 Nf6 11. g4 Qe8 12. gxf5 Bxf5 13. Rg1 Na6 14. Be3 Nb4 15.
Rc1 e4 16. Nb5 Qd7 17. Ne6 Bxe6 18. dxe6 Qe7 19. Nd4 Ne8 20. Bg5 Rf6 21. c5
Nd3+ 22. Bxd3 exd3 23. cxd6 Qxd6 24. Bxf6 Nxf6 25. Rxg7+ Kh8 26. Qxd3 c5 27.
Kf1 Rd8 28. Rg5 cxd4 29. Re1 Re8 30. Qf5 Qe7 31. Qe5 d3 32. Rf5 Rf8 33. Rd1 1-0

[Event "Tradewise Gibraltar Master 2015"]
[Site "Gibraltar ENG"]
[Date "2015.02.02"]
[Round "7.66"]
[White "Varga, Klara"]
[Black "Karavade, Eesha"]
[Result "0-1"]
[WhiteElo "2145"]
[BlackElo "2398"]
[PlyCount "104"]
[EventDate "2015.01.27"]
[EventType "swiss"]
[EventRounds "10"]
[EventCountry "ENG"]
[Source "lmi"]
[SourceDate "2015.01.27"]

1. Nf3 Nf6 2. c4 g6 3. g3 Bg7 4. Bg2 c6 5. O-O O-O 6. Nc3 d5 7. cxd5 cxd5 8. d4
Ne4 9. Nxe4 dxe4 10. Ne5 Qd5 11. Be3 Bxe5 12. dxe5 Qxe5 13. Bf4 Qxb2 14. Bxe4
Nc6 15. Rb1 Qxa2 16. Bxc6 bxc6 17. Bh6 Bh3 18. Qd4 f6 19. Rb2 Qe6 20. Bxf8 Bxf1
21. Bxe7 Bxe2 22. Qe3 Qxe3 23. fxe3 Kf7 24. Rb7 Ke6 25. Bc5 a6 26. Rxh7 Kd5 27.
Bd4 Ke6 28. Bc5 Bd3 29. Re7+ Kd5 30. Bd4 f5 31. Rd7+ Kc4 32. Rd6 Be4 33. Rxg6
a5 34. h4 c5 35. Bg7 a4 36. h5 a3 37. h6 a2 38. Ba1 f4 39. Re6 Bf5 40. Rf6 Rd8
41. Be5 Rd1+ 42. Kf2 fxe3+ 43. Ke2 Bg4+ 44. Kxe3 Re1+ 45. Kf4 Rxe5 46. Ra6 Bc8
47. Rxa2 Rf5+ 48. Ke3 Rh5 49. Ra8 Bf5 50. Rf8 Bd3 51. Rf6 Rg5 52. Kf4 Rg6 0-1

[Event "Tradewise Gibraltar Master 2015"]
[Site "Gibraltar ENG"]
[Date "2015.02.02"]
[Round "7.67"]
[White "Khademalsharieh, Sarasadat"]
[Black "Balogun, Oluwafemi"]
[Result "1-0"]
[WhiteElo "2372"]
[BlackElo "2193"]
[PlyCount "113"]
[EventDate "2015.01.27"]
[EventType "swiss"]
[EventRounds "10"]
[EventCountry "ENG"]
[Source "lmi"]
[SourceDate "2015.01.27"]

1. d4 g6 2. Nf3 Nf6 3. c4 Bg7 4. g3 O-O 5. Bg2 c6 6. O-O d6 7. Nc3 Qa5 8. e4
Nbd7 9. Re1 e5 10. d5 cxd5 11. cxd5 b5 12. a3 b4 13. Nb1 Nc5 14. Nbd2 bxa3 15.
Rxa3 Qb4 16. h3 Bd7 17. Rc3 Rfc8 18. Qc2 a5 19. Rc4 Qb6 20. b3 Bb5 21. Rc3 Qa6
22. Bf1 Nd3 23. Bxd3 Rxc3 24. Qxc3 Bxd3 25. Re3 Bb5 26. Qc2 Qc8 27. Qxc8+ Rxc8
28. Ba3 Bf8 29. Nb1 Rc2 30. Nc3 Ba6 31. Ne1 Rd2 32. Rf3 Kg7 33. Bc1 Rd4 34. Nc2
Rd3 35. Kg2 Rxf3 36. Kxf3 Bf1 37. Ne3 Bd3 38. Bd2 h5 39. Nc4 Bxc4 40. bxc4 Be7
41. Nb5 a4 42. Bb4 Ne8 43. Nc3 f5 44. Nxa4 fxe4+ 45. Kxe4 Kf7 46. Nc3 Kf6 47.
Ke3 Kf5 48. f3 Bg5+ 49. Ke2 Be7 50. Ne4 g5 51. g4+ hxg4 52. hxg4+ Kg6 53. Kd3
Kf7 54. Kc2 Kg6 55. Kb3 Bf8 56. Ka4 Kf7 57. Kb5 1-0

[Event "Tradewise Gibraltar Master 2015"]
[Site "Gibraltar ENG"]
[Date "2015.02.02"]
[Round "7.68"]
[White "Ladron De Guevara Pinto, Paolo"]
[Black "Heer, Stephan"]
[Result "1-0"]
[WhiteElo "2367"]
[BlackElo "2157"]
[PlyCount "63"]
[EventDate "2015.01.27"]
[EventType "swiss"]
[EventRounds "10"]
[EventCountry "ENG"]
[Source "lmi"]
[SourceDate "2015.01.27"]

1. e4 g6 2. d4 Bg7 3. Nc3 d6 4. Be3 a6 5. a4 b6 6. Qd2 Nd7 7. h4 h6 8. f3 Bb7
9. Nge2 e5 10. d5 Ne7 11. g3 Nf6 12. O-O-O b5 13. a5 b4 14. Na4 Nexd5 15. exd5
Nxd5 16. Bg2 Qd7 17. b3 Nxe3 18. Qxe3 Qb5 19. h5 O-O-O 20. hxg6 fxg6 21. Qd3
Bf6 22. Qxb5 axb5 23. Nb2 c5 24. c4 e4 25. fxe4 Bxb2+ 26. Kxb2 bxc4 27. bxc4
Rhe8 28. Rxh6 Bxe4 29. Bxe4 Rxe4 30. Nf4 g5 31. Nd5 Rxc4 32. Nb6+ 1-0

[Event "Tradewise Gibraltar Master 2015"]
[Site "Gibraltar ENG"]
[Date "2015.02.02"]
[Round "7.70"]
[White "Zwahr, Paul"]
[Black "Havik, Victor"]
[Result "1-0"]
[WhiteElo "2354"]
[BlackElo "2137"]
[PlyCount "63"]
[EventDate "2015.01.27"]
[EventType "swiss"]
[EventRounds "10"]
[EventCountry "ENG"]
[Source "lmi"]
[SourceDate "2015.01.27"]

1. e4 e5 2. Nf3 Nc6 3. Bb5 a6 4. Ba4 Nf6 5. O-O Be7 6. Re1 b5 7. Bb3 d6 8. c3
O-O 9. h3 Na5 10. Bc2 c5 11. d4 Qc7 12. Nbd2 Be6 13. Nf1 cxd4 14. cxd4 Rac8 15.
Ne3 Nc4 16. Nxc4 Bxc4 17. b3 Be6 18. Bd3 exd4 19. Nxd4 Nd7 20. Be3 Nc5 21. Bc2
Bf6 22. Rc1 Qb7 23. b4 Nxe4 24. Nxe6 fxe6 25. Qg4 Nc3 26. Qxe6+ Kh8 27. Bb3 Be5
28. Qg4 Rf6 29. Bd5 Qc7 30. Bd2 Rcf8 31. Bxc3 Bxc3 32. Re3 1-0

[Event "Tradewise Gibraltar Master 2015"]
[Site "Gibraltar ENG"]
[Date "2015.02.02"]
[Round "7.71"]
[White "Bar, Aviv"]
[Black "Wemmers, Xander"]
[Result "0-1"]
[WhiteElo "2142"]
[BlackElo "2353"]
[PlyCount "67"]
[EventDate "2015.01.27"]
[EventType "swiss"]
[EventRounds "10"]
[EventCountry "ENG"]
[Source "lmi"]
[SourceDate "2015.01.27"]

1. e4 e5 2. Nf3 Nc6 3. Bb5 a6 4. Ba4 Nf6 5. O-O Be7 6. d3 b5 7. Bb3 O-O 8. Nc3
d6 9. a3 Be6 10. Nd5 Bxd5 11. exd5 Nd4 12. Ba2 Nd7 13. Nd2 Bg5 14. Bb1 Nb6 15.
c3 Nf5 16. Ba2 Ne7 17. c4 Ng6 18. b3 f5 19. Bb2 Nf4 20. Nf3 Bf6 21. Ne1 e4 22.
d4 Qd7 23. Bc1 g5 24. g3 Nh3+ 25. Kg2 f4 26. f3 e3 27. g4 Rae8 28. Qe2 Bxd4 29.
Rb1 Nf2 30. Bb2 Bxb2 31. Rxb2 bxc4 32. bxc4 Na4 33. Rc2 Nc5 34. Rc1 0-1

[Event "Tradewise Gibraltar Master 2015"]
[Site "Gibraltar ENG"]
[Date "2015.02.02"]
[Round "7.73"]
[White "Santos Ruiz, Miguel"]
[Black "Odeh, Kenneth"]
[Result "1-0"]
[WhiteElo "2310"]
[BlackElo "1982"]
[PlyCount "73"]
[EventDate "2015.01.27"]
[EventType "swiss"]
[EventRounds "10"]
[EventCountry "ENG"]
[Source "lmi"]
[SourceDate "2015.01.27"]

1. Nf3 Nf6 2. c4 g6 3. b4 Bg7 4. Bb2 O-O 5. Nc3 d6 6. g3 e5 7. Bg2 Nc6 8. b5
Ne7 9. O-O h6 10. d3 Nh7 11. a4 f5 12. Rc1 g5 13. c5 f4 14. cxd6 cxd6 15. Qb3+
Kh8 16. d4 exd4 17. Ne4 d5 18. Nc5 fxg3 19. hxg3 Nf5 20. Qd3 b6 21. Nb3 Nf6 22.
Nbxd4 Ne7 23. Ne5 Ne4 24. Nec6 Nxc6 25. Nxc6 Qe8 26. Bxg7+ Kxg7 27. Qxd5 Nf6
28. Qd4 Bb7 29. e4 Qh5 30. Ne5 Rfd8 31. Rc7+ Kh8 32. Nf7+ Qxf7 33. Qxd8+ Qg8
34. Qe7 Bc8 35. e5 Ng4 36. Bd5 Nxf2 37. Bxg8 1-0